Southville International School and Colleges
Your cart is empty.
  • Cart
  • Lists
    Public lists Eva Luna New books Lux_list list_1
    Your lists Log in to create your own lists
  • Log in to your account
  • Your cookies
  • Search history
Southville International School and Colleges
  • Advanced search
  • Recent comments
  • Most popular
  • Libraries

Log in to your account

Log in with GOOGLE


If you do not have an external account, but do have a local account, you can still log in:

  1. Home
  2. MARC view: Bata, bata-- paano ka ginawa? [videorecording] /
Normal view MARC view ISBD view

Bata, bata-- paano ka ginawa? [videorecording] / (Record no. 292419)

[ view plain ]
MARC details
000 -LEADER
fixed length control field 00500nam a2200169Ia 4500
008 - FIXED-LENGTH DATA ELEMENTS--GENERAL INFORMATION
fixed length control field 160319s9999 xx 000 0 und d
245 ## - TITLE STATEMENT
Title Bata, bata-- paano ka ginawa? [videorecording] /
245 ## - TITLE STATEMENT
Statement of responsibility, etc written by Lualhati Bautista.
260 ## - PUBLICATION, DISTRIBUTION, ETC. (IMPRINT)
Place of publication, distribution, etc Manila :
260 ## - PUBLICATION, DISTRIBUTION, ETC. (IMPRINT)
Name of publisher, distributor, etc Star Cinema Productions.
260 ## - PUBLICATION, DISTRIBUTION, ETC. (IMPRINT)
Date of publication, distribution, etc 1999
300 ## - PHYSICAL DESCRIPTION
Extent 1 videocassette (105 min.) :
300 ## - PHYSICAL DESCRIPTION
Other physical details sound, color ;
300 ## - PHYSICAL DESCRIPTION
Dimensions 1/2 in.
650 ## - SUBJECT ADDED ENTRY--TOPICAL TERM
Topical term or geographic name as entry element Feature films.
700 ## - ADDED ENTRY--PERSONAL NAME
Personal name Star Cinema Productions, Inc., corporate.
Holdings
Withdrawn status Lost status Damaged status Home library Current library Date acquired Total Checkouts Barcode Date last seen Price effective from Koha item type
      Stonyhurst Southville International School (Batangas) Stonyhurst Southville International School (Batangas) 03/19/2016   AV-022 03/19/2016 03/19/2016 Audio Visual Materials

Bata, bata-- paano ka ginawa? [videorecording] /

APA

Star Cinema Productions I. c., .Bata, bata-- paano ka ginawa? [videorecording]. Manila: .

Chicago

Star Cinema Productions Inc corporate, .Bata, bata-- paano ka ginawa? [videorecording]. Manila: .

Harvard

Star Cinema Productions I. c., .Bata, bata-- paano ka ginawa? [videorecording]. Manila: .

MLA

Star Cinema Productions Inc corporate, .Manila: . .

  • Place hold
  • Print
  • Cite
  • Add to your cart (remove)
  • Save record
    BIBTEX Dublin Core MARCXML MARC (non-Unicode/MARC-8) MARC (Unicode/UTF-8) MARC (Unicode/UTF-8, Standard) MODS (XML) RIS
  • More searches
    Search for this title in:
    Other Libraries (WorldCat) Other Databases (Google Scholar) Online Stores (Bookfinder.com) Open Library (openlibrary.org)

Exporting to Dublin Core...

SOUTHVILLE LIBRARY

Southville International School and Colleges Library

1281 Tropical Ave. Cor. Luxembourg St., BF Homes International, Las Pinas City

Tel. No. 8256374 / 252358 Loc. 117/146

Powered by Koha